Enemies of Russia - Statistics

General Stats
  • This quiz has been taken 168 times
  • The average score is 13 of 15
Answer Stats
Hint Answer % Correct
Russia invaded this country in 2014, annexing Crimea, and in 2022 launching a full-scale invasion Ukraine
98%
This country invaded Russia in 1941, occupied its western part and has been defeated in 1945 Germany
97%
Main rival of Russia in the Cold war USA
97%
In 1812 army of this country occupied Moscow, and was forced to withdraw because of cold winter France
94%
This country stopped Soviet armies in 1940 Finland
93%
This Country occupied Moscow in 1612 and fought a lot of wars with Russia Poland
93%
This country gained independence from Russia two times in XX Century Estonia
91%
This country gained independence from Russia two times in XX Century Latvia
91%
This country occupied Belarus, Northern Ukraine, vassalized Russian principalities, and unified with #1 answer Lithuania
91%
Russia invaded this country in 2008 Georgia
89%
Navy of this country destroyed Russian Pacific Fleet in 1904-1905 war Japan
89%
Russia won battle of Poltava in 1709 against this nation's troops, also fought a war in Baltic sea Sweden
83%
Russian main rival in historical rivalry in the Black Sea and Caucasus regions Turkey
83%
Soviet army suffered high casualties in mountains and deserts of this country Afghanistan
80%
This country conquered Russia in the Middle ages Mongolia
75%
No matching quizzes found
Score Distribution
Percent of People with Each Score
Percentile by Number Answered
Your Score History
You have not taken this quiz